[Event "BCF-chT3E 2223 (4NCL)"]
[Site "England"]
[Date "2023.03.26"]
[Round "8.65"]
[White "Lancaster, Roger"]
[Black "Alcock, Graham P"]
[Result "1-0"]
[WhiteElo "1956"]
[BlackElo "1758"]
[PlyCount "75"]
[EventDate "2022.11.05"]
[EventType "team-tourn"]
[EventRounds "11"]
[EventCountry "ENG"]
[SourceTitle "EXT 2024"]
[Source "ChessBase"]
[SourceDate "2023.10.10"]
[SourceVersion "1"]
[SourceVersionDate "2023.10.10"]
[SourceQuality "1"]
[WhiteTeam "Watford"]
[BlackTeam "Surbiton"]
[WhiteTeamCountry "ENG"]
[BlackTeamCountry "ENG"]

1. e4 d5 2. exd5 Qxd5 3. Nc3 Qd6 4. d4 Nf6 5. Nf3 a6 6. g3 Nc6 7. Bf4 Qd8 8. Bg2 e6 9. 0-0 Be7 10. Re1 0-0 11. Qd2 Nd5 12. Nxd5 exd5 13. c3 Bd6 14. Re2 Bxf4 15. Qxf4 Ne7 16. Ne5 f6 17. Nd3 Ng6 18. Qf3 c6 19. Rae1 Qd6 20. h4 Bd7 21. h5 Nh8 22. Nc5 Rae8 23. Nxb7 Rxe2 24. Rxe2 Qc7 25. Nc5 Bc8 26. Ne6 Bxe6 27. Rxe6 Nf7 28. Qe2 Ng5 29. Re7 Qc8 30. f4 Nf7 31. Kh2 a5 32. Bh3 Qb8 33. b3 Qd6 34. Rd7 Qb8 35. Qe7 Qe8 36. Be6 Qxe7 37. Rxe7 h6 38. f5 1-0

[Event "BCF-chT3E 2223 (4NCL)"]
[Site "England"]
[Date "2023.01.08"]
[Round "4.25"]
[White "Alcock, Graham P"]
[Black "Shepley, Julien M"]
[Result "0-1"]
[WhiteElo "1758"]
[BlackElo "1968"]
[PlyCount "53"]
[EventDate "2022.11.05"]
[EventType "team-tourn"]
[EventRounds "11"]
[EventCountry "ENG"]
[SourceTitle "EXT 2024"]
[Source "ChessBase"]
[SourceDate "2023.10.10"]
[SourceVersion "1"]
[SourceVersionDate "2023.10.10"]
[SourceQuality "1"]
[WhiteTeam "Surbiton"]
[BlackTeam "Guildford Castles"]
[WhiteTeamCountry "ENG"]
[BlackTeamCountry "ENG"]

1. e4 d5 2. exd5 Qxd5 3. Nf3 Bg4 4. Be2 Nc6 5. h3 Bh5 6. Nc3 Qd7 7. d3 0-0-0 8. Bf4 f6 9. g4 Bf7 10. a3 e5 11. Be3 Nge7 12. Qd2 Nd4 13. Ne4 Nec6 14. Nxd4 Nxd4 15. Bxd4 exd4 16. 0-0-0 Qa4 17. Rdf1 Be7 18. Qf4 Rd5 19. Nc3 g5 20. Qe4 Qd7 21. Bf3 dxc3 22. bxc3 Bxa3+ 23. Kd2 Re8 24. Qxh7 Qd6 25. c4 Qf4+ 26. Kc3 Qd4+ 27. Kd2 0-1

[Event "BCF-chT3E 2223 (4NCL)"]
[Site "England"]
[Date "2023.01.07"]
[Round "3.15"]
[White "Duckers, Harvey L"]
[Black "Alcock, Graham P"]
[Result "1-0"]
[WhiteElo "2022"]
[BlackElo "1758"]
[PlyCount "101"]
[EventDate "2022.11.05"]
[EventType "team-tourn"]
[EventRounds "11"]
[EventCountry "ENG"]
[SourceTitle "EXT 2024"]
[Source "ChessBase"]
[SourceDate "2023.10.10"]
[SourceVersion "1"]
[SourceVersionDate "2023.10.10"]
[SourceQuality "1"]
[WhiteTeam "Crowthorne"]
[BlackTeam "Surbiton"]
[WhiteTeamCountry "ENG"]
[BlackTeamCountry "ENG"]

1. c4 Nf6 2. Nc3 g6 3. e4 d6 4. d4 Bg7 5. f3 0-0 6. Be3 e5 7. Nge2 Bd7 8. Qd2 exd4 9. Nxd4 Nc6 10. Be2 Nxd4 11. Bxd4 Bc6 12. 0-0 Qe7 13. Rfe1 a6 14. Bf1 Rfe8 15. Bf2 Rad8 16. Rac1 b6 17. a3 Rc8 18. b4 Bb7 19. Red1 Qf8 20. Be3 Nd7 21. Nd5 f5 22. exf5 Qxf5 23. Bd3 Qe5 24. Bf2 c5 25. f4 Qh5 26. Re1 Kf8 27. Rxe8+ Rxe8 28. Nc7 Re7 29. Bf1 Nf6 30. Qxd6 Ne4 31. Ne6+ Kf7 32. Nxg7 Nxd6 33. Nxh5 gxh5 34. bxc5 bxc5 35. Bxc5 Re6 36. Rd1 Ne4 37. Rd7+ Kg8 38. Bd4 Bc6 39. Rc7 Nd2 40. Bd3 Be4 41. Bf1 Bg6 42. Be5 h4 43. c5 Be4 44. Rg7+ Kf8 45. Rg5 Bg6 46. Bd6+ Ke8 47. Bxa6 Re1+ 48. Kf2 Ra1 49. Re5+ Kd8 50. c6 Ne4+ 51. Rxe4 1-0

[Event "Checkmate Covid Rematch"]
[Site "Chess.com INT"]
[Date "2021.06.06"]
[Round "?"]
[White "Alcock, Graham P"]
[Black "Arkell, Keith C"]
[Result "0-1"]
[WhiteElo "1736"]
[BlackElo "2381"]
[PlyCount "72"]
[EventDate "2021.06.05"]
[EventType "swiss (blitz)"]
[EventRounds "20"]
[EventCountry "ENG"]
[SourceTitle "CBM 202 Extra"]
[Source "ChessBase"]
[SourceDate "2021.07.31"]
[SourceVersion "1"]
[SourceVersionDate "2021.07.31"]
[SourceQuality "1"]

1. e4 c6 2. d4 d5 3. Bd3 dxe4 4. Bxe4 Nf6 5. Bf3 h5 6. Ne2 Bg4 7. c4 Bxf3 8. gxf3 g6 9. Nbc3 Bg7 10. Bg5 Nh7 11. Be3 Nd7 12. Qd2 Qa5 13. 0-0-0 b5 14. c5 b4 15. Ne4 Qxa2 16. Qxb4 Rb8 17. Qc3 Nhf6 18. Nxf6+ Nxf6 19. Kc2 Nd5 20. Qa3 Nb4+ 21. Kc3 Qd5 22. Nf4 Qxf3 23. Qxa7 0-0 24. Qxe7 Qxf4 25. Bxf4 Nd5+ 26. Kc4 Nxe7 27. Bxb8 Rxb8 28. b3 Nd5 29. Rhe1 Rb4+ 30. Kd3 Rxd4+ 31. Kc2 Rf4 32. Rd2 Nb4+ 33. Kb1 Rf5 34. Re8+ Kh7 35. Re7 Rg5 36. Rdd7 Rg1+ 0-1

[Event "Checkmate Covid Rematch"]
[Site "Chess.com INT"]
[Date "2021.06.06"]
[Round "?"]
[White "Royal, Shreyas"]
[Black "Alcock, Graham P"]
[Result "1-0"]
[WhiteElo "2121"]
[BlackElo "1736"]
[PlyCount "63"]
[EventDate "2021.06.05"]
[EventType "swiss (blitz)"]
[EventRounds "20"]
[EventCountry "ENG"]
[SourceTitle "CBM 202 Extra"]
[Source "ChessBase"]
[SourceDate "2021.07.31"]
[SourceVersion "1"]
[SourceVersionDate "2021.07.31"]
[SourceQuality "1"]

1. d4 Nf6 2. c4 c5 3. d5 b5 4. Nf3 g6 5. cxb5 a6 6. b6 d6 7. Nc3 Nbd7 8. e4 Qxb6 9. Qc2 Bg7 10. Be2 0-0 11. 0-0 Ng4 12. h3 Nge5 13. Nxe5 Nxe5 14. Be3 Nd7 15. Rab1 Nf6 16. b4 Qa7 17. bxc5 dxc5 18. Na4 Nd7 19. Nxc5 Nxc5 20. Bxc5 Qc7 21. Qc4 Be5 22. Bb6 Qxc4 23. Bxc4 Bd7 24. f4 Bg7 25. Bf2 Rfc8 26. Rb7 Bxh3 27. Be2 Rc2 28. Bf3 Bc8 29. Rxe7 Rxa2 30. Re8+ Bf8 31. Bc5 Bd7 32. Rxa8 1-0

[Event "BCF-chT4S 1920 (4NCL)"]
[Site "England"]
[Date "2020.02.08"]
[Round "5.152"]
[White "Alcock, Graham P"]
[Black "Priest, Christopher Pa"]
[Result "1-0"]
[WhiteElo "1810"]
[BlackElo "1675"]
[PlyCount "91"]
[EventDate "2019.11.09"]
[EventType "team-swiss"]
[EventRounds "11"]
[EventCountry "ENG"]
[SourceTitle "EXT 2022"]
[Source "ChessBase"]
[SourceDate "2021.10.06"]
[SourceVersion "1"]
[SourceVersionDate "2021.10.06"]
[SourceQuality "1"]
[WhiteTeam "Surbiton II"]
[BlackTeam "Wessex IV"]
[WhiteTeamCountry "ENG"]
[BlackTeamCountry "ENG"]

1. e4 Nf6 2. Nc3 d6 3. d4 c6 4. h3 Nbd7 5. Nf3 e5 6. dxe5 dxe5 7. a3 Be7 8. Bc4 h6 9. 0-0 0-0 10. Qe2 Re8 11. Be3 Qc7 12. Nh2 Bc5 13. Bd2 Bd4 14. Kh1 Nc5 15. f3 b5 16. Ba2 a5 17. Qe1 Ne6 18. Rb1 b4 19. Ne2 Ba6 20. c4 bxc3 21. bxc3 Bc5 22. c4 Bc8 23. Qc1 a4 24. Rd1 Nd4 25. Nxd4 Bxd4 26. Be3 c5 27. Nf1 Be6 28. Qc2 Qd7 29. Kh2 Reb8 30. Bg1 Nh5 31. Ne3 Nf4 32. Nd5 Bxd5 33. cxd5 Qa7 34. Qc4 Rxb1 35. Rxb1 Qa6 36. Rb8+ Kh7 37. Rxa8 Qxa8 38. d6 Qa7 39. Qxf7 Qa6 40. Qf5+ Ng6 41. d7 Bxg1+ 42. Kxg1 Qb6 43. Bf7 c4+ 44. Kh2 c3 45. Bxg6+ Qxg6 46. Qxg6+ 1-0

[Event "BCF-chT3Sb 1819 (4NCL)"]
[Site "England"]
[Date "2019.02.09"]
[Round "5.85"]
[White "Alcock, Graham P"]
[Black "Szymanski, Mark"]
[Result "1/2-1/2"]
[WhiteElo "1753"]
[BlackElo "1832"]
[PlyCount "34"]
[EventDate "2018.11.17"]
[EventType "team-tourn"]
[EventRounds "7"]
[EventCountry "ENG"]
[SourceTitle "EXT 2021"]
[Source "ChessBase"]
[SourceDate "2020.10.23"]
[SourceVersion "1"]
[SourceVersionDate "2020.10.23"]
[SourceQuality "1"]
[WhiteTeam "Surbiton"]
[BlackTeam "Iceni II"]
[WhiteTeamCountry "ENG"]
[BlackTeamCountry "ENG"]

1. e4 c6 2. d4 d5 3. Bd3 dxe4 4. Bxe4 Nf6 5. Bf3 Bf5 6. Ne2 h6 7. 0-0 e6 8. Ng3 Bh7 9. c4 Be7 10. Nc3 0-0 11. Be3 Nbd7 12. d5 exd5 13. cxd5 Ne5 14. dxc6 Qxd1 15. Bxd1 Nxc6 16. Bf3 Rfd8 17. Rfd1 Kf8 1/2-1/2

[Event "BCF-chT4S 1718 (4NCL)"]
[Site "England"]
[Date "2018.05.06"]
[Round "10.36"]
[White "Rayner, Hugo"]
[Black "Alcock, Graham P"]
[Result "0-1"]
[WhiteElo "1409"]
[BlackElo "1755"]
[PlyCount "64"]
[EventDate "2017.11.11"]
[EventType "team-swiss"]
[EventRounds "11"]
[EventCountry "ENG"]
[SourceTitle "EXT 2020"]
[Source "ChessBase"]
[SourceDate "2019.10.17"]
[SourceVersion "1"]
[SourceVersionDate "2019.10.17"]
[SourceQuality "1"]
[WhiteTeam "Oxford III"]
[BlackTeam "Surbiton"]
[WhiteTeamCountry "ENG"]
[BlackTeamCountry "ENG"]

1. e4 d5 2. exd5 Qxd5 3. Nc3 Qd6 4. Nf3 Bg4 5. Be2 Nf6 6. 0-0 e6 7. d3 Nc6 8. Be3 a6 9. Qd2 Qd7 10. a3 Bd6 11. h3 Bh5 12. Rfe1 h6 13. Nd4 Bxe2 14. Qxe2 0-0-0 15. Nb3 Rde8 16. Nc5 Qe7 17. N5e4 Nxe4 18. dxe4 g5 19. Rad1 f5 20. Bd4 Nxd4 21. Rxd4 Be5 22. Rc4 f4 23. Rd1 h5 24. f3 Reg8 25. Na4 Kb8 26. Nc5 Bd6 27. Nb3 e5 28. Na5 g4 29. Kf1 gxh3 30. gxh3 Bc5 31. Ke1 Rg1+ 32. Kd2 Rd8+ 0-1

[Event "BCF-chT3Sa 1617 (4NCL)"]
[Site "England"]
[Date "2017.01.14"]
[Round "3.26"]
[White "Alcock, Graham P"]
[Black "Green, Michael"]
[Result "1/2-1/2"]
[WhiteElo "1759"]
[BlackElo "1975"]
[PlyCount "98"]
[EventDate "2016.11.26"]
[EventType "team-tourn"]
[EventRounds "11"]
[EventCountry "ENG"]
[SourceTitle "EXT 2019"]
[Source "ChessBase"]
[SourceDate "2018.10.10"]
[SourceVersion "1"]
[SourceVersionDate "2018.10.10"]
[SourceQuality "1"]
[WhiteTeam "Surbiton"]
[BlackTeam "Wood Green"]
[WhiteTeamCountry "ENG"]
[BlackTeamCountry "ENG"]

1. e4 e6 2. d4 d5 3. Bd3 dxe4 4. Bxe4 Nf6 5. Bf3 c5 6. Ne2 Nc6 7. Bxc6+ bxc6 8. Nbc3 Ba6 9. Bg5 h6 10. Bh4 Be7 11. dxc5 Qa5 12. 0-0 0-0 13. Re1 Rfd8 14. Qc1 Qxc5 15. Bxf6 Bxf6 16. Ne4 Qe5 17. Nxf6+ Qxf6 18. c3 c5 19. c4 Rd3 20. b3 Rad8 21. Ng3 Bb7 22. Qa3 Qd4 23. Rab1 Rd2 24. Rf1 Be4 25. Nxe4 Qxe4 26. Rbe1 Re2 27. Qc1 Qc2 28. Rxe2 Qxe2 29. Qe3 Rd2 30. Qxe2 Rxe2 31. Ra1 Kf8 32. g3 e5 33. Kf1 Rb2 34. Re1 f6 35. Re2 Rb1+ 36. Kg2 Rd1 37. Kf3 a5 38. Ke3 Rd4 39. Rb2 Ke7 40. Rc2 g5 41. h3 f5 42. Rb2 h5 43. Ke2 Ke6 44. Rb1 e4 45. Rg1 Ke5 46. Ke3 Rd3+ 47. Ke2 Kd4 48. h4 g4 49. Rc1 Ke5 1/2-1/2

[Event "BCF-chT3 1415 (4NCL)"]
[Site "England"]
[Date "2015.03.21"]
[Round "7.1"]
[White "Woods, Timothy J"]
[Black "Alcock, Graham P"]
[Result "0-1"]
[WhiteElo "1719"]
[BlackElo "1677"]
[PlyCount "64"]
[EventDate "2015.03.21"]
[EventType "team-swiss"]
[EventRounds "11"]
[EventCountry "ENG"]
[SourceTitle "EXT 2016"]
[Source "ChessBase"]
[SourceDate "2015.10.08"]
[SourceVersion "1"]
[SourceVersionDate "2015.10.08"]
[SourceQuality "1"]
[WhiteTeam "Sussex Martlets II"]
[BlackTeam "Surbiton II"]
[WhiteTeamCountry "ENG"]
[BlackTeamCountry "ENG"]

1. e4 e5 2. Bc4 Nc6 3. Nf3 Bc5 4. c3 d6 5. 0-0 Bg4 6. d3 h6 7. Nbd2 Nge7 8. Re1 0-0 9. Nf1 a6 10. a4 Qc8 11. Ng3 Kh8 12. h3 Bxf3 13. Qxf3 f5 14. Qh5 f4 15. Nf1 Kh7 16. b4 Ba7 17. Rb1 g6 18. Qf3 Nd8 19. Bb2 Ne6 20. Bxe6 Qxe6 21. Nd2 g5 22. d4 Ng6 23. d5 Qf7 24. Qh5 Qd7 25. Nf3 Qe7 26. c4 Rg8 27. Rec1 Raf8 28. c5 Nh4 29. Nxh4 gxh4 30. cxd6 cxd6 31. Kf1 f3 32. gxf3 Rg5 0-1

[Event "BCF-chT3S 1415 (4NCL)"]
[Site "England"]
[Date "2015.02.15"]
[Round "6.99"]
[White "Lawson, Maurice Elliot"]
[Black "Alcock, Graham P"]
[Result "1-0"]
[WhiteElo "1955"]
[BlackElo "1727"]
[PlyCount "105"]
[EventDate "2014.11.15"]
[EventType "team-swiss"]
[EventRounds "6"]
[EventCountry "ENG"]
[SourceTitle "EXT 2016"]
[Source "ChessBase"]
[SourceDate "2015.10.08"]
[SourceVersion "1"]
[SourceVersionDate "2015.10.08"]
[SourceQuality "1"]
[WhiteTeam "BCM Rhinos II"]
[BlackTeam "Surbiton II"]
[WhiteTeamCountry "ENG"]
[BlackTeamCountry "ENG"]

1. e4 e5 2. Nf3 Nc6 3. Bc4 Bc5 4. c3 d6 5. d4 exd4 6. cxd4 Bb4+ 7. Bd2 Bxd2+ 8. Nbxd2 Nf6 9. 0-0 0-0 10. Re1 h6 11. Nf1 Bg4 12. Ng3 d5 13. exd5 Nxd5 14. h3 Bxf3 15. Qxf3 Nb6 16. Bb3 Qxd4 17. Rad1 Qc5 18. Nf5 Kh8 19. Qg4 Rg8 20. Qf4 g5 21. Qf3 Qf8 22. Qc3+ Kh7 23. Bc2 Rg6 24. Ng3 Re8 25. Rxe8 Qxe8 26. Nh5 Qe5 27. Qxe5 Nxe5 28. Nf6+ Kg7 29. Ne8+ Kf8 30. Bxg6 Kxe8 31. Re1 Nbd7 32. Bf5 f6 33. Bxd7+ Kxd7 34. Kf1 h5 35. Rd1+ Ke7 36. Ke2 Nc4 37. b3 Nd6 38. Kd3 c6 39. Re1+ Kd7 40. Re2 Nb5 41. f4 Nd6 42. fxg5 fxg5 43. Re5 Nf7 44. Ra5 a6 45. h4 b5 46. hxg5 Nxg5 47. Rxa6 Ne6 48. Ra7+ Nc7 49. Kd4 Kd6 50. Rxc7 Kxc7 51. Kc5 Kb7 52. g3 Kc7 53. a4 1-0

[Event "BCF-chT3S 1415 (4NCL)"]
[Site "England"]
[Date "2014.11.15"]
[Round "1.227"]
[White "Alcock, Graham P"]
[Black "Nandi, Robin J"]
[Result "1/2-1/2"]
[WhiteElo "1677"]
[BlackElo "1952"]
[PlyCount "126"]
[EventDate "2014.11.15"]
[EventType "team-swiss"]
[EventRounds "6"]
[EventCountry "ENG"]
[SourceTitle "CBM 163 Extra"]
[Source "ChessBase"]
[SourceDate "2014.12.23"]
[SourceVersion "1"]
[SourceVersionDate "2014.12.23"]
[SourceQuality "1"]
[WhiteTeam "Surbiton II"]
[BlackTeam "Oxford II"]
[WhiteTeamCountry "ENG"]
[BlackTeamCountry "ENG"]

1. e4 e5 2. Nf3 Nc6 3. Bc4 Bc5 4. c3 Nf6 5. d3 d6 6. h3 0-0 7. Bg5 h6 8. Bh4 a6 9. b4 Bb6 10. Nbd2 a5 11. b5 Nb8 12. a4 Re8 13. 0-0 Nbd7 14. Ba2 Nf8 15. Nc4 Ng6 16. Nxb6 cxb6 17. Bg3 Qe7 18. Nh4 Be6 19. Nxg6 fxg6 20. Bxe6+ Qxe6 21. c4 Rf8 22. f3 Nd7 23. Rc1 Rac8 24. Bf2 g5 25. Qd2 Nc5 26. Qd1 Rc7 27. d4 Nd7 28. dxe5 Qxe5 29. Qd5+ Qxd5 30. cxd5 Rfc8 31. Rxc7 Rxc7 32. Bg3 Ne5 33. Bxe5 dxe5 34. Rd1 Kf7 35. Kf2 Rc4 36. Ra1 Ke7 37. Ra2 Kd6 38. Ke3 h5 39. Ra3 Rc2 40. Rd3 Rxg2 41. Rd2 Rg1 42. Ra2 Rg3 43. Rh2 g4 44. hxg4 hxg4 45. Rf2 Ke7 46. Ke2 gxf3+ 47. Rxf3 Rg4 48. Kd3 Rg1 49. Kc3 Ra1 50. Kb3 Re1 51. Rg3 Rxe4 52. Rxg7+ Kd6 53. Rxb7 Kxd5 54. Rxb6 Re3+ 55. Kb2 Kc5 56. Re6 Kb4 57. b6 Kxa4 58. b7 Rb3+ 59. Ka2 Rxb7 60. Rxe5 Rb4 61. Rh5 Rg4 62. Rh2 Kb4 63. Rb2+ Ka4 1/2-1/2

[Event "Amersham e2e4 Challengers op"]
[Site "Amersham"]
[Date "2012.05.20"]
[Round "4"]
[White "Watson, Darrell"]
[Black "Alcock, Graham P"]
[Result "1-0"]
[WhiteElo "1762"]
[BlackElo "1692"]
[PlyCount "85"]
[EventDate "2012.05.18"]
[EventType "swiss"]
[EventRounds "5"]
[EventCountry "ENG"]
[SourceTitle "EXT 2014"]
[Source "ChessBase"]
[SourceDate "2013.11.20"]
[SourceVersion "1"]
[SourceVersionDate "2013.11.20"]
[SourceQuality "1"]

1. e4 d5 2. exd5 Qxd5 3. Nc3 Qa5 4. d4 c6 5. Bc4 Nf6 6. Bd2 Qc7 7. Qe2 Bf5 8. Nf3 e6 9. d5 cxd5 10. Nxd5 Nxd5 11. Bxd5 Be7 12. Bb3 0-0 13. Bc3 Nc6 14. 0-0 Bb4 15. Qe3 Bxc3 16. Qxc3 Rac8 17. Qe3 h6 18. c3 b6 19. Rac1 Rfd8 20. Bc2 Bxc2 21. Rxc2 Nb4 22. Re2 Nd5 23. Qe4 Nf6 24. Qc2 Rd5 25. Rd1 Rxd1+ 26. Qxd1 Rd8 27. Rd2 Rd5 28. Rxd5 Nxd5 29. Qd4 Qc8 30. Qa4 Qc7 31. Qe8+ Kh7 32. Nd4 Qf4 33. g3 Qc1+ 34. Kg2 Kg6 35. Nxe6 Qxb2 36. Nf8+ Kf6 37. Nd7+ Kg6 38. Qe4+ f5 39. Qxd5 Qxc3 40. Nf8+ Kf6 41. Qe6+ Kg5 42. h4+ Kh5 43. Qg6# 1-0

[Event "Gatwick e2e4 int op-B"]
[Site "Gatwick"]
[Date "2011.10.30"]
[Round "8"]
[White "Georgiev, Ivan Georgiev"]
[Black "Alcock, Graham P"]
[Result "1-0"]
[WhiteElo "1821"]
[BlackElo "1930"]
[PlyCount "121"]
[EventDate "2011.10.26"]
[EventType "swiss"]
[EventRounds "9"]
[EventCountry "ENG"]
[SourceTitle "EXT 2014"]
[Source "ChessBase"]
[SourceDate "2013.11.20"]
[SourceVersion "1"]
[SourceVersionDate "2013.11.20"]
[SourceQuality "1"]

1. e4 d5 2. exd5 Qxd5 3. Nc3 Qa5 4. d4 c6 5. Nf3 Bg4 6. h3 Bh5 7. g4 Bg6 8. Ne5 Nf6 9. Nc4 Qc7 10. h4 h6 11. Ne5 Be4 12. f3 Bd5 13. Nxd5 Nxd5 14. c4 Nf6 15. Bf4 Qa5+ 16. Qd2 Qxd2+ 17. Bxd2 Nbd7 18. Nxd7 Nxd7 19. f4 0-0-0 20. Bh3 Kb8 21. Be3 Nb6 22. b3 e6 23. a4 Be7 24. Bg2 h5 25. g5 g6 26. 0-0 Rd7 27. a5 Nc8 28. a6 Nd6 29. axb7 Kxb7 30. d5 cxd5 31. Rxa7+ Kc6 32. cxd5+ exd5 33. Bxd5+ Kxd5 34. Rxd7 Ke6 35. Rxe7+ Kxe7 36. Bc5 Ke6 37. Bxd6 Kxd6 38. f5 gxf5 39. Rxf5 Ke6 40. Rf6+ Ke7 41. b4 Rb8 42. Rf4 Ke6 43. Kf2 Ke5 44. Kf3 Rb7 45. Re4+ Kf5 46. Ke3 Rd7 47. Rd4 Re7+ 48. Kd3 f6 49. gxf6 Kxf6 50. Kc4 Kf5 51. b5 Rc7+ 52. Kd5 Rd7+ 53. Kc5 Rc7+ 54. Kb6 Rc1 55. Kb7 Rb1 56. b6 Re1 57. Ka8 Re7 58. b7 Re1 59. Rb4 Rg1 60. Ka7 Rg7 61. Ka8 1-0

[Event "Gatwick e2e4 int op-B"]
[Site "Gatwick"]
[Date "2011.10.29"]
[Round "6"]
[White "Young, Daniel"]
[Black "Alcock, Graham P"]
[Result "1/2-1/2"]
[WhiteElo "1781"]
[BlackElo "1930"]
[PlyCount "43"]
[EventDate "2011.10.26"]
[EventType "swiss"]
[EventRounds "9"]
[EventCountry "ENG"]
[SourceTitle "EXT 2014"]
[Source "ChessBase"]
[SourceDate "2013.11.20"]
[SourceVersion "1"]
[SourceVersionDate "2013.11.20"]
[SourceQuality "1"]

1. e4 d5 2. exd5 Qxd5 3. Nc3 Qa5 4. d4 c6 5. Nf3 Nf6 6. Bd3 Bg4 7. h3 Bh5 8. 0-0 Nbd7 9. Re1 e6 10. Bd2 Qc7 11. Qe2 0-0-0 12. Rab1 Bd6 13. b4 Rde8 14. b5 c5 15. b6 Nxb6 16. Nb5 Qb8 17. Nxd6+ Qxd6 18. dxc5 Qxc5 19. Be3 Qd5 20. Bxb6 axb6 21. g4 Bg6 22. Rxb6 1/2-1/2

[Event "Gatwick e2e4 int op-B"]
[Site "Gatwick"]
[Date "2011.10.27"]
[Round "3"]
[White "Alcock, Graham P"]
[Black "Clayton, Tristan"]
[Result "1/2-1/2"]
[WhiteElo "1930"]
[BlackElo "1822"]
[PlyCount "138"]
[EventDate "2011.10.26"]
[EventType "swiss"]
[EventRounds "9"]
[EventCountry "ENG"]
[SourceTitle "EXT 2014"]
[Source "ChessBase"]
[SourceDate "2013.11.20"]
[SourceVersion "1"]
[SourceVersionDate "2013.11.20"]
[SourceQuality "1"]

1. e4 c6 2. d4 d5 3. exd5 cxd5 4. Bd3 Nc6 5. c3 Qc7 6. Ne2 Nf6 7. h3 g6 8. 0-0 Bg7 9. Nd2 0-0 10. Ng3 Nd8 11. Nf3 Nd7 12. Re1 Re8 13. Bc2 b6 14. Qd3 Nf8 15. Ne5 f6 16. Nf3 Bb7 17. Ba4 Bc6 18. Bb3 Nf7 19. Bd2 Rad8 20. Rac1 e5 21. dxe5 fxe5 22. Ng5 e4 23. Qc2 Ne6 24. N3xe4 Ne5 25. Nxe6 Rxe6 26. Be3 Nc4 27. Bxc4 dxc4 28. Ng3 Rde8 29. Bd2 Qb7 30. Rxe6 Rxe6 31. f3 Bxf3 32. gxf3 Qxf3 33. Be1 Rxe1+ 34. Rxe1 Qxg3+ 35. Kf1 Qxh3+ 36. Qg2 Qf5+ 37. Kg1 Qc5+ 38. Qf2 Qg5+ 39. Kf1 Bf8 40. Ke2 Bc5 41. Qf3 Qe5+ 42. Kd1 Qd6+ 43. Kc2 Qh2+ 44. Re2 Qc7 45. Qd5+ Qf7 46. Qxf7+ Kxf7 47. Re4 g5 48. Kd2 h5 49. Ke2 Kf6 50. Rxc4 Kf5 51. a4 a5 52. b4 axb4 53. cxb4 Bg1 54. a5 bxa5 55. bxa5 h4 56. a6 g4 57. Kf1 Bb6 58. Rb4 Be3 59. Rb7 Kf4 60. a7 Bxa7 61. Rxa7 Kg3 62. Kg1 Kf3 63. Kh2 Kf2 64. Rf7+ Ke3 65. Rh7 Kf2 66. Rxh4 g3+ 67. Kh3 g2 68. Rf4+ Kg1 69. Rg4 Kh1 1/2-1/2

[Event "BCF-chT2 0708 (4NCL)"]
[Site "Sunningdale"]
[Date "2008.03.01"]
[Round "7.5"]
[White "McKenna, Jason P"]
[Black "Alcock, Graham P"]
[Result "1-0"]
[WhiteElo "2131"]
[BlackElo "1935"]
[PlyCount "31"]
[EventDate "2007.09.15"]
[EventType "team-tourn"]
[EventRounds "11"]
[EventCountry "ENG"]
[SourceTitle "EXT 2023"]
[Source "ChessBase"]
[SourceDate "2022.10.05"]
[SourceVersion "1"]
[SourceVersionDate "2022.10.05"]
[SourceQuality "1"]
[WhiteTeam "Cheddleton"]
[BlackTeam "Hilsmark Kingfisher II"]
[WhiteTeamCountry "ENG"]
[BlackTeamCountry "ENG"]

1. e4 e5 2. Nf3 Nc6 3. Bb5 Bc5 4. 0-0 Nd4 5. Bc4 Nxf3+ 6. Qxf3 Qf6 7. Qg3 Ne7 8. Nc3 c6 9. d3 0-0 10. Be3 Bd6 11. Ne2 Qg6 12. Qh4 Kh8 13. f4 f6 14. f5 Qe8 15. Rf3 Bc7 16. Qxh7+ 1-0